000
00469nam a2200145Ia 4500
008
090124s9999 xx 000 0 und d
082
_b
207459
245
_a
हमारे लोक देवता
250
_a
1
260
_b
शास्त्री गिरवर प्रसाद विस्सा
_c
2007
300
_a
20
630
_a
हमारे लोक देवता
730
_a
हमारे लोक देवता
942
_c
BOOK
999
_c
189487
_d
189487